[Event "First Saturday 2010 december IM"]
[Site "Budapest"]
[Date "2010.12.04"]
[Round "1"]
[White "Tesik, Csaba"]
[Black "Farago, Sandor"]
[Result "1-0"]
[WhiteElo "2258"]
[BlackElo "2284"]
[PlyCount "99"]
[EventDate "2010.12.04"]

1. e4 c5 2. Nf3 d6 3. d4 cxd4 4. Nxd4 Nf6 5. Nc3 a6 6. h3 e6 7. g4 Be7 8. Bg2
Qc7 9. O-O Nc6 10. Nde2 b5 11. a3 Bb7 12. f4 h5 13. g5 Nd7 14. f5 Qb6+ 15. Kh1
g6 16. fxe6 fxe6 17. Nf4 Nf8 18. h4 Qd4 19. Qe2 Ne5 20. Be3 Qc4 21. Nd3 Ng4 22.
Bd2 Nd7 23. b3 Qd4 24. a4 b4 25. Na2 a5 26. c3 Qb6 27. cxb4 axb4 28. Naxb4 Nc5
29. Nxc5 dxc5 30. a5 Qc7 31. Bf4 e5 32. Nd5 Qc6 33. Qb2 Bd6 34. Bg3 O-O-O 35.
b4 Qb5 36. a6 Bc6 37. a7 Kd7 38. Nf6+ Ke7 39. Qa2 c4 40. Nd5+ Bxd5 41. exd5 e4
42. Bxd6+ Kxd6 43. Bxe4 Qxb4 44. Qa6+ Kc5 45. Qc6+ Kd4 46. Rad1+ Ke3 47. Bg2
Qd6 48. Rf3+ Ke2 49. Qxc4+ Kxd1 50. Rd3+ 1-0

[Event "First Saturday 2010 december IM"]
[Site "Budapest"]
[Date "2010.12.04"]
[Round "1"]
[White "To, Nhat Minh"]
[Black "Bakin, Alexander"]
[Result "1/2-1/2"]
[WhiteElo "2400"]
[BlackElo "2235"]
[PlyCount "154"]
[EventDate "2010.12.04"]

1. b3 d5 2. Bb2 c5 3. e3 Nf6 4. f4 Nc6 5. Bb5 Bd7 6. Nf3 e6 7. O-O Be7 8. Qe2
O-O 9. d3 Rc8 10. c4 Qc7 11. Nbd2 Rfd8 12. g3 a6 13. Bxc6 Bxc6 14. e4 dxe4 15.
dxe4 Qd7 16. Rad1 Qd3 17. Qxd3 Rxd3 18. Ne5 Rdd8 19. Nxc6 Rxc6 20. e5 Ng4 21.
Ne4 Rcc8 22. Bc3 Ne3 23. Rxd8+ Rxd8 24. Re1 Nc2 25. Rc1 Nd4 26. Kf2 Nc6 27. Ke2
h5 28. h3 Nd4+ 29. Bxd4 Rxd4 30. Ke3 f6 31. exf6 gxf6 32. g4 hxg4 33. hxg4 Kf7
34. f5 exf5 35. gxf5 Bf8 36. Rh1 b6 37. Rh7+ Bg7 38. Ng3 Kg8 39. Rh1 Kf7 40.
Ne2 Rg4 41. Rh5 Rg5 42. Rxg5 fxg5 43. Kf3 Be5 44. Kg4 Kf6 45. Ng1 Bd4 46. Ne2
Be5 47. a4 a5 48. Ng1 Bd4 49. Nf3 Be3 50. Ne1 Bf2 51. Nc2 Bd4 52. Na3 Bb2 53.
Nb1 Ke5 54. Nd2 Bc1 55. Nf3+ Kf6 56. Ne1 Bd2 57. Nd3 Be3 58. Kf3 Bd4 59. Ke4 g4
60. Nf4 Kg5 61. Ne6+ Kf6 62. Nc7 Kg5 63. Nd5 g3 64. Kf3 Kxf5 65. Kxg3 Ke4 66.
Nxb6 Kd3 67. Kf4 Kc3 68. Ke4 Kxb3 69. Kd5 Kb4 70. Kc6 Bf2 71. Kd5 Bh4 72. Nd7
Kxa4 73. Nxc5+ Kb4 74. Nd3+ Kc3 75. Nc5 Be7 76. Ne4+ Kb3 77. c5 Bxc5 1/2-1/2

[Event "First Saturday 2010 december IM"]
[Site "Budapest"]
[Date "2010.12.04"]
[Round "1"]
[White "Kislik, Erik Andrew"]
[Black "Tan, Weiliang"]
[Result "0-1"]
[WhiteElo "2334"]
[BlackElo "2146"]
[PlyCount "56"]
[EventDate "2010.12.04"]

1. e4 c5 2. Nf3 d6 3. d4 cxd4 4. Nxd4 Nf6 5. Nc3 a6 6. Be3 e5 7. Nb3 Be6 8. Qd2
Be7 9. O-O-O Nbd7 10. g3 b5 11. Bg2 Rc8 12. f4 b4 13. Ne2 a5 14. Kb1 O-O 15. f5
Bc4 16. Bf3 a4 17. Nbc1 d5 18. exd5 e4 19. Bg2 Bxd5 20. Nf4 Bc6 21. h3 Ne5 22.
Qe2 Qc7 23. g4 Bb5 24. Qf2 Nexg4 25. hxg4 Nxg4 26. Qg1 Qxc2+ 27. Ka1 Nxe3 28.
Nd5 Nxd5 0-1

[Event "First Saturday 2010 december IM"]
[Site "Budapest"]
[Date "2010.12.04"]
[Round "1"]
[White "Kholopov, Alexander"]
[Black "Lyell, Mark"]
[Result "1/2-1/2"]
[WhiteElo "2309"]
[BlackElo "2210"]
[PlyCount "105"]
[EventDate "2010.12.04"]

1. c4 e5 2. Nc3 Nc6 3. g3 f5 4. Bg2 Nf6 5. e3 d5 6. Nxd5 Nxd5 7. cxd5 Nb4 8.
Qb3 e4 9. f3 Nd3+ 10. Kf1 Nc5 11. Qc4 b6 12. Ne2 Be7 13. b4 Ba6 14. b5 Bb7 15.
Nc3 Qd7 16. Ba3 O-O-O 17. Bxc5 Bxc5 18. fxe4 fxe4 19. Qxe4 Rhe8 20. Qh4 Kb8 21.
Ke2 Re5 22. Rhf1 Qe8 23. Qf4 g5 24. Qc4 Qh5+ 25. Bf3 Qxh2+ 26. Rf2 Qxg3 27. Rg2
Qf4 28. Qxf4 gxf4 29. e4 Bxd5 30. Nxd5 Rdxd5 31. Rg8+ Kb7 32. Rh1 Rd7 33. Bg4
Rxe4+ 34. Kf3 Ree7 35. Bxd7 Rxd7 36. Rh2 a6 37. bxa6+ Kxa6 38. Rh8 Rd3+ 39.
Kxf4 Kb5 40. R8xh7 Ra3 41. Ke4 Bd6 42. R7h5+ Kc6 43. R2h3 Rxa2 44. Rc3+ Kb7 45.
d4 Ra1 46. Rf3 Re1+ 47. Kd5 Re7 48. Rf6 Bg3 49. Rhf5 Rd7+ 50. Kc4 Rh7 51. Rf7
Rxf7 52. Rxf7 Bh2 53. Kd5 1/2-1/2

[Event "First Saturday 2010 december IM"]
[Site "Budapest"]
[Date "2010.12.04"]
[Round "1"]
[White "Adams, Nick A"]
[Black "Lengyel, Bela"]
[Result "1/2-1/2"]
[WhiteElo "2277"]
[BlackElo "2289"]
[PlyCount "83"]
[EventDate "2010.12.04"]

1. c4 e5 2. Nc3 Nf6 3. Nf3 Nc6 4. e4 Bb4 5. d3 d6 6. g3 Bc5 7. Bg2 Bg4 8. h3
Bxf3 9. Bxf3 Nd4 10. Bg2 c6 11. O-O a5 12. Kh1 Qe7 13. Ne2 Nxe2 14. Qxe2 h6 15.
Be3 O-O 16. Rad1 Rfe8 17. Rfe1 Bxe3 18. fxe3 Nd7 19. h4 Rf8 20. Bh3 Nf6 21. Rf1
b5 22. cxb5 cxb5 23. Rc1 d5 24. exd5 Nxd5 25. Bg2 Rad8 26. a3 b4 27. axb4 Nxb4
28. Rc3 Qd6 29. Be4 g6 30. h5 f5 31. Bg2 Qf6 32. Ra1 Qg5 33. Rxa5 Qxg3 34. hxg6
f4 35. g7 Rf7 36. exf4 Nxd3 37. Rxd3 Qxd3 38. Qxd3 Rxd3 39. Bd5 Rxd5 40. Rxd5
exf4 41. Kg2 Rb7 42. Rf5 1/2-1/2

[Event "First Saturday 2010 december IM"]
[Site "Budapest"]
[Date "2010.12.04"]
[Round "1"]
[White "Brustkern, Juergen"]
[Black "Szalanczy, Emil"]
[Result "1-0"]
[WhiteElo "2276"]
[BlackElo "2247"]
[PlyCount "81"]
[EventDate "2010.12.04"]

1. e4 c5 2. c3 d6 3. Nf3 Nf6 4. h3 g6 5. Bd3 Bg7 6. O-O O-O 7. Bc2 e5 8. d3 Nc6
9. a3 a5 10. a4 d5 11. Bg5 h6 12. Bxf6 Bxf6 13. exd5 Qxd5 14. Bb3 Qd8 15. Bc4
Bf5 16. Qe2 Qb6 17. Nbd2 Rad8 18. Ne4 Bg7 19. Nfd2 Ne7 20. Nb3 Nd5 21. Nbxc5
Nf4 22. Qf3 Qxb2 23. Rfb1 Qc2 24. Rxb7 Ne2+ 25. Kh1 Nxc3 26. Bb3 Bxe4 27. dxe4
Qd2 28. Rxf7 Rxf7 29. Qxf7+ Kh8 30. Ne6 Rg8 31. Rf1 Nxe4 32. Qxg6 Nxf2+ 33.
Rxf2 Qxf2 34. Bc2 e4 35. Qxe4 Qxc2 36. Qxc2 Be5 37. Kg1 Rb8 38. Qg6 Bc3 39.
Qxh6+ Kg8 40. Qg5+ Kh7 41. Qh4+ 1-0

[Event "First Saturday 2010 december IM"]
[Site "Budapest"]
[Date "2010.12.05"]
[Round "2"]
[White "Farago, Sandor"]
[Black "Szalanczy, Emil"]
[Result "1-0"]
[WhiteElo "2284"]
[BlackElo "2247"]
[PlyCount "159"]
[EventDate "2010.12.04"]

1. e4 c5 2. Ne2 d6 3. g3 g6 4. Bg2 Bg7 5. c3 Nf6 6. d4 O-O 7. O-O e6 8. Na3 Nc6
9. Nc2 Qc7 10. b4 Rd8 11. Rb1 Rb8 12. bxc5 dxc5 13. Bf4 e5 14. Bg5 Qa5 15. d5
Qa4 16. Qc1 Na5 17. Na3 Bd7 18. c4 Be8 19. Nc3 Qd7 20. Rd1 b6 21. h3 Nb7 22.
Nab5 Nd6 23. Nxd6 Qxd6 24. a4 a6 25. Kh2 Rd7 26. Be3 Rdb7 27. Qa3 Bf8 28. Bf1
Bd7 29. Rb2 Ne8 30. Rdb1 Nc7 31. Be2 Qf6 32. Kg2 Qd6 33. Qa2 Bg7 34. f3 a5 35.
Nb5 Nxb5 36. cxb5 f5 37. Bg1 Rf8 38. Rc2 Bc8 39. Rf1 Rbf7 40. Rcc1 h5 41. Qd2
Kh7 42. Be3 f4 43. gxf4 exf4 44. Bf2 g5 45. Rh1 Be5 46. Rcg1 Rg7 47. Kf1 Rf6
48. Qc2 Rfg6 49. Qc4 Bd7 50. Ke1 Kg8 51. Kd2 Kf7 52. Kc2 Ke8 53. Rc1 Kd8 54.
Kb3 Kc7 55. Qd3 Kb7 56. Qd2 Bc8 57. Rc4 Rc7 58. Qd1 Bf6 59. Be1 Rgg7 60. Qc1
Bd4 61. Bc3 Rge7 62. Qb2 Bxc3 63. Qxc3 Re5 64. Qd2 Qf6 65. Rc3 Rce7 66. Bc4 Kc7
67. d6+ Qxd6 68. Rd3 Qf6 69. Rd1 Be6 70. Rd6 Bxc4+ 71. Kxc4 Qf7+ 72. Kc3 R5e6
73. Rd8 g4 74. hxg4 hxg4 75. Qd5 Rh6 76. Qa8 Qf6+ 77. Kb3 c4+ 78. Kxc4 Rxe4+
79. Qxe4 Qf7+ 80. Qd5 1-0

[Event "First Saturday 2010 december IM"]
[Site "Budapest"]
[Date "2010.12.05"]
[Round "2"]
[White "Lengyel, Bela"]
[Black "Brustkern, Juergen"]
[Result "1/2-1/2"]
[WhiteElo "2289"]
[BlackElo "2276"]
[PlyCount "48"]
[EventDate "2010.12.04"]

1. e4 c6 2. d4 d5 3. exd5 cxd5 4. Bd3 Nc6 5. c3 g6 6. Nf3 Bg7 7. O-O Nh6 8. h3
O-O 9. Nbd2 f6 10. Nb3 Nf7 11. Be3 e5 12. dxe5 fxe5 13. Be2 e4 14. Nh2 Nce5 15.
Qd2 b6 16. Rad1 Bb7 17. Nd4 Qe7 18. b3 h5 19. f4 exf3 20. Nhxf3 Rae8 21. Bb5
Nxf3+ 22. Rxf3 Ne5 23. Rxf8+ Rxf8 24. Rf1 Rxf1+ 1/2-1/2

[Event "First Saturday 2010 december IM"]
[Site "Budapest"]
[Date "2010.12.05"]
[Round "2"]
[White "Lyell, Mark"]
[Black "Adams, Nick A"]
[Result "1-0"]
[WhiteElo "2210"]
[BlackElo "2277"]
[PlyCount "125"]
[EventDate "2010.12.04"]

1. e4 c6 2. d4 d5 3. exd5 cxd5 4. c4 Nf6 5. Nc3 g6 6. Qb3 Bg7 7. cxd5 O-O 8.
Be2 Nbd7 9. Bf3 Nb6 10. Bf4 Bg4 11. Bxg4 Nxg4 12. Nf3 Nf6 13. d6 exd6 14. O-O
Qd7 15. Nb5 Nc8 16. Rac1 Ne8 17. Rfe1 a6 18. Nc3 Nc7 19. Qxb7 Ra7 20. Qb3 Ne6
21. Be3 Ne7 22. d5 Nc5 23. Bxc5 dxc5 24. Ne5 Qd6 25. Nc4 Qd7 26. Ne3 Bd4 27.
Qc4 Rb8 28. b3 Qd6 29. Qd3 Qd7 30. Qe4 Rb4 31. Qf3 Rb6 32. Ne4 Qd8 33. Nxc5 Rf6
34. Qe4 Bxe3 35. Qxe3 Nxd5 36. Qe8+ Qxe8 37. Rxe8+ Kg7 38. Ne4 Rb6 39. g3 Nf6
40. Nxf6 Kxf6 41. Rec8 a5 42. R1c6+ Rxc6 43. Rxc6+ Ke5 44. Rc4 Rd7 45. f4+ Kf5
46. Rc2 h5 47. Kg2 Rd5 48. Kf3 f6 49. Ke3 g5 50. fxg5 fxg5 51. a3 Kg4 52. Ke4
Rd1 53. Rb2 Ra1 54. b4 Rxa3 55. b5 Rf3 56. b6 Rf8 57. Kd5 a4 58. Kc6 a3 59. Ra2
Rf3 60. b7 Rf6+ 61. Kc7 Rf7+ 62. Kb6 Rf3 63. b8=Q 1-0

[Event "First Saturday 2010 december IM"]
[Site "Budapest"]
[Date "2010.12.05"]
[Round "2"]
[White "Tan, Weiliang"]
[Black "Kholopov, Alexander"]
[Result "1/2-1/2"]
[WhiteElo "2146"]
[BlackElo "2309"]
[PlyCount "105"]
[EventDate "2010.12.04"]

1. e4 e6 2. d4 d5 3. Nc3 Bb4 4. e5 b6 5. Bd2 Qd7 6. a3 Bf8 7. Nf3 Ba6 8. Bxa6
Nxa6 9. Qe2 Nb8 10. h4 h5 11. Bg5 Nc6 12. Qd1 Nge7 13. Ne2 Nf5 14. Nf4 Be7 15.
c3 O-O-O 16. Bxe7 Qxe7 17. b4 Kb7 18. Qe2 g6 19. g3 Qd7 20. O-O a5 21. Nd3 Ra8
22. Rfb1 Kc8 23. Ng5 Kd8 24. Nf4 Ke8 25. Qf3 Rd8 26. Ng2 Ra8 27. Ne3 Nce7 28.
Rc1 c6 29. Rcb1 a4 30. Ng2 Kf8 31. Nf4 Kg7 32. Rd1 Rac8 33. Nd3 Rc7 34. Rac1
Nc8 35. Qe2 Na7 36. Nb2 Nb5 37. Nxa4 Ra7 38. Nxb6 Qb7 39. a4 Nxc3 40. Rxc3 Qxb6
41. Nf3 Qxb4 42. Rxc6 Qxa4 43. Qc2 Qxc2 44. Rxc2 Rb8 45. Kg2 Rb4 46. Rdd2 Kf8
47. Rc8+ Kg7 48. Rd8 Rc4 49. Rb2 Ne7 50. Rbb8 Rac7 51. Ng5 Nc8 52. Re8 Rc3 53.
Rd8 1/2-1/2

[Event "First Saturday 2010 december IM"]
[Site "Budapest"]
[Date "2010.12.05"]
[Round "2"]
[White "Bakin, Alexander"]
[Black "Kislik, Erik Andrew"]
[Result "0-1"]
[WhiteElo "2235"]
[BlackElo "2334"]
[PlyCount "104"]
[EventDate "2010.12.04"]

1. e4 c5 2. c3 Nf6 3. e5 Nd5 4. Nf3 e6 5. d4 cxd4 6. cxd4 d6 7. Bd3 Be7 8. O-O
O-O 9. a3 Nc6 10. Qe2 Qc7 11. Qe4 g6 12. Bh6 Re8 13. Nbd2 b6 14. Rac1 Bb7 15.
Nc4 dxe5 16. Ncxe5 Qd6 17. Rfd1 Rec8 18. Bb1 Rc7 19. Ba2 Rac8 20. Ng5 Nxe5 21.
Rxc7 Qxc7 22. Qxe5 Qxe5 23. dxe5 Rc2 24. Ne4 Rxb2 25. Bxd5 exd5 26. Nf6+ Kh8
27. h3 Rb5 28. a4 Ra5 29. Bd2 Rxa4 30. Bc3 Rc4 31. Rd3 Bb4 32. Bb2 Rc2 33. Bd4
Bc5 34. e6 fxe6 35. Be5 Re2 36. Ng4+ Kg8 37. Rf3 h5 38. Nf6+ Kf7 39. Nxh5+ Ke7
40. Bf6+ Kd7 41. Nf4 Re1+ 42. Kh2 Bd6 43. Kg3 e5 44. Nxg6 e4+ 45. Rf4 Bxf4+ 46.
Kxf4 Ke6 47. Be5 Rf1 48. Bd4 Rd1 49. Be5 d4 50. h4 e3 51. fxe3 Rf1+ 52. Kg3 Be4
0-1

[Event "First Saturday 2010 december IM"]
[Site "Budapest"]
[Date "2010.12.05"]
[Round "2"]
[White "Tesik, Csaba"]
[Black "To, Nhat Minh"]
[Result "1/2-1/2"]
[WhiteElo "2258"]
[BlackElo "2400"]
[PlyCount "75"]
[EventDate "2010.12.04"]

1. e4 e5 2. Nf3 Nc6 3. Bb5 Nf6 4. O-O Nxe4 5. d4 Nd6 6. Bxc6 dxc6 7. dxe5 Nf5
8. Qxd8+ Kxd8 9. b3 h6 10. Bb2 Be6 11. h3 a5 12. Nbd2 a4 13. Ne4 Kc8 14. c4 b6
15. g4 Ne7 16. Nd4 Bd7 17. f4 c5 18. Nf3 Nc6 19. Rad1 axb3 20. axb3 Na5 21. Rd3
h5 22. f5 hxg4 23. hxg4 Be7 24. Nc3 Bc6 25. Nd5 Bxd5 26. cxd5 c4 27. bxc4 Nxc4
28. Bd4 Rd8 29. Rc1 b5 30. Bf2 f6 31. d6 cxd6 32. Rd5 Kd7 33. e6+ Kc6 34. Rd3
d5 35. Nd4+ Kb6 36. Rb3 b4 37. Nc2+ Kb5 38. Nd4+ 1/2-1/2

[Event "First Saturday 2010 december IM"]
[Site "Budapest"]
[Date "2010.12.06"]
[Round "3"]
[White "To, Nhat Minh"]
[Black "Farago, Sandor"]
[Result "1/2-1/2"]
[WhiteElo "2400"]
[BlackElo "2284"]
[PlyCount "48"]
[EventDate "2010.12.04"]

1. e4 c6 2. d4 d5 3. Nd2 dxe4 4. Nxe4 Bf5 5. Ng3 Bg6 6. h4 h6 7. h5 Bh7 8. Nf3
Nf6 9. Bd3 Bxd3 10. Qxd3 e6 11. Bf4 Bd6 12. Bxd6 Qxd6 13. O-O-O Nbd7 14. Kb1
O-O 15. Ne4 Nxe4 16. Qxe4 Nf6 17. Qe2 Rfd8 18. Ne5 c5 19. dxc5 Qxc5 20. f4 Rac8
21. Rxd8+ Rxd8 22. Rd1 Rd5 23. g3 Qd6 24. Rxd5 Qxd5 1/2-1/2

[Event "First Saturday 2010 december IM"]
[Site "Budapest"]
[Date "2010.12.06"]
[Round "3"]
[White "Kislik, Erik Andrew"]
[Black "Tesik, Csaba"]
[Result "1/2-1/2"]
[WhiteElo "2334"]
[BlackElo "2258"]
[PlyCount "96"]
[EventDate "2010.12.04"]

1. e4 c5 2. Nf3 e6 3. d4 cxd4 4. Nxd4 a6 5. Bd3 Bc5 6. Nb3 Be7 7. O-O d6 8. Qg4
g6 9. Qg3 Nf6 10. Rd1 Nbd7 11. a4 O-O 12. Bh6 Re8 13. a5 Ne5 14. h3 Bd7 15. Be3
Nh5 16. Qh2 Bc6 17. Nc3 Bg5 18. f4 Nxd3 19. Rxd3 Bh4 20. Bb6 Qe7 21. g3 Bf6 22.
e5 dxe5 23. Bc5 Qc7 24. Bd6 Qc8 25. fxe5 Be7 26. Na4 Bxa4 27. Rxa4 Qc6 28. Rad4
Bxd6 29. exd6 e5 30. Rc3 Qb5 31. Rc5 Qd7 32. Rd1 Rad8 33. Qg2 e4 34. Rc7 Qxc7
35. dxc7 Rxd1+ 36. Kh2 e3 37. Qe2 Rd7 38. Qxe3 Rc8 39. Nc5 Rdxc7 40. b4 Ng7 41.
Qe5 Ne6 42. Nxe6 Rxc2+ 43. Kg1 Rc1+ 44. Kf2 R8c2+ 45. Kf3 Rf1+ 46. Kg4 fxe6 47.
Qxe6+ Rf7 48. Qe8+ Kg7 1/2-1/2

[Event "First Saturday 2010 december IM"]
[Site "Budapest"]
[Date "2010.12.06"]
[Round "3"]
[White "Kholopov, Alexander"]
[Black "Bakin, Alexander"]
[Result "1/2-1/2"]
[WhiteElo "2309"]
[BlackElo "2235"]
[PlyCount "25"]
[EventDate "2010.12.04"]

1. f4 e5 2. e4 d5 3. exd5 e4 4. d3 Qxd5 5. Nc3 Bb4 6. dxe4 Qxe4+ 7. Qe2 Bxc3+
8. bxc3 Bf5 9. Nf3 Nf6 10. Ba3 Nc6 11. O-O-O Qxe2 12. Bxe2 Rd8 13. Bb5 1/2-1/2

[Event "First Saturday 2010 december IM"]
[Site "Budapest"]
[Date "2010.12.06"]
[Round "3"]
[White "Brustkern, Juergen"]
[Black "Lyell, Mark"]
[Result "1-0"]
[WhiteElo "2276"]
[BlackElo "2210"]
[PlyCount "65"]
[EventDate "2010.12.04"]

1. Nf3 Nf6 2. g3 d5 3. Bg2 c6 4. O-O Bg4 5. d3 Nbd7 6. h3 Bh5 7. Qe1 e6 8. e4
dxe4 9. dxe4 Bc5 10. Nbd2 Qc7 11. Kh1 O-O-O 12. a3 Rhg8 13. e5 Nd5 14. c4 N5b6
15. b4 Bxf3 16. Nxf3 Be7 17. Qc3 g5 18. a4 g4 19. hxg4 Rxg4 20. Bf4 Nf8 21. a5
Nbd7 22. a6 Ng6 23. axb7+ Qxb7 24. Be3 Bxb4 25. Qc2 a5 26. Rfb1 Nb6 27. Rxa5
Bxa5 28. Bxb6 Bxb6 29. c5 Qd7 30. cxb6 Kb7 31. Nd2 Nf4 32. Ne4 Nxg2 33. Nc5+
1-0

[Event "First Saturday 2010 december IM"]
[Site "Budapest"]
[Date "2010.12.07"]
[Round "4"]
[White "Farago, Sandor"]
[Black "Lengyel, Bela"]
[Result "1/2-1/2"]
[WhiteElo "2284"]
[BlackElo "2289"]
[PlyCount "47"]
[EventDate "2010.12.04"]

1. e4 e5 2. Nf3 Nc6 3. Bb5 a6 4. Ba4 Nf6 5. O-O Be7 6. Re1 b5 7. Bb3 d6 8. c3
O-O 9. h3 Na5 10. Bc2 c5 11. d4 Qc7 12. Nbd2 Nc6 13. d5 Na5 14. b3 Bd7 15. Nf1
Nb7 16. Ng3 g6 17. Nh2 c4 18. b4 a5 19. Qf3 Rfc8 20. Bg5 Qd8 21. Bh6 Bf8 22.
Bg5 Be7 23. Bh6 Bf8 24. Bg5 1/2-1/2

[Event "First Saturday 2010 december IM"]
[Site "Budapest"]
[Date "2010.12.07"]
[Round "4"]
[White "Lyell, Mark"]
[Black "Szalanczy, Emil"]
[Result "1-0"]
[WhiteElo "2210"]
[BlackElo "2247"]
[PlyCount "55"]
[EventDate "2010.12.04"]

1. e4 c5 2. Nc3 Nc6 3. f4 e6 4. Nf3 a6 5. Be2 b5 6. O-O Nge7 7. Qe1 Nd4 8. Bd1
Bb7 9. d3 d5 10. f5 Nxf3+ 11. Bxf3 d4 12. fxe6 fxe6 13. Ne2 e5 14. Bh5+ g6 15.
Bg4 Bc8 16. Bxc8 Rxc8 17. Qf2 Rc6 18. Bg5 Kd7 19. Qh4 h5 20. Rf7 Re6 21. Raf1
Bh6 22. Bxe7 Rxe7 23. Qf6 Rh7 24. Rxh7 Rxh7 25. Qxa6 b4 26. Rf6 Qc7 27. Qe6+
Kd8 28. Qg8+ 1-0

[Event "First Saturday 2010 december IM"]
[Site "Budapest"]
[Date "2010.12.07"]
[Round "4"]
[White "Tan, Weiliang"]
[Black "Brustkern, Juergen"]
[Result "1-0"]
[WhiteElo "2146"]
[BlackElo "2276"]
[PlyCount "55"]
[EventDate "2010.12.04"]

1. e4 g6 2. d4 Bg7 3. Nc3 d6 4. g3 Nc6 5. Be3 e5 6. dxe5 Nxe5 7. h3 Be6 8. Nf3
Nxf3+ 9. Qxf3 c6 10. Rd1 Nf6 11. Bc5 Nd7 12. Bxd6 Qa5 13. Be2 Ne5 14. Qe3 Nc4
15. Bxc4 Bxc4 16. e5 O-O-O 17. f4 f6 18. Qd4 Bd5 19. b4 fxe5 20. fxe5 Qa3 21.
Qg4+ Rd7 22. Nxd5 cxd5 23. O-O Bxe5 24. Rxd5 Qe3+ 25. Kg2 Bxd6 26. Rxd6 Rhd8
27. Rxd7 Rxd7 28. Rd1 1-0

[Event "First Saturday 2010 december IM"]
[Site "Budapest"]
[Date "2010.12.07"]
[Round "4"]
[White "Bakin, Alexander"]
[Black "Adams, Nick A"]
[Result "0-1"]
[WhiteElo "2235"]
[BlackElo "2277"]
[PlyCount "84"]
[EventDate "2010.12.04"]

1. e4 c6 2. d4 d5 3. exd5 cxd5 4. Bd3 Nc6 5. c3 g6 6. Bf4 Bg7 7. Nf3 Nh6 8. O-O
O-O 9. Re1 Kh8 10. h3 f6 11. c4 e5 12. dxe5 dxc4 13. Bxc4 Qxd1 14. Rxd1 fxe5
15. Bxh6 Bxh6 16. Bd5 Bg7 17. Nc3 Nd4 18. Ng5 h6 19. Nf7+ Kh7 20. Nd6 Rd8 21.
Nxc8 Raxc8 22. Kf1 Rc5 23. Be4 b5 24. Rac1 b4 25. Na4 Rcc8 26. Nc5 h5 27. Nd3
b3 28. axb3 Nxb3 29. Rxc8 Rxc8 30. Nb4 Rc4 31. f3 Rxb4 32. Rd6 Rb6 33. Bxg6+
Kh6 34. Rxb6 axb6 35. Bf7 Nd4 36. h4 Bf6 37. g3 Nxf3 38. Kf2 Nd4 39. Be8 Nf5
40. Bd7 Nd6 41. b3 Ne4+ 42. Kg2 Nc5 0-1

[Event "First Saturday 2010 december IM"]
[Site "Budapest"]
[Date "2010.12.08"]
[Round "5"]
[White "Kislik, Erik Andrew"]
[Black "Farago, Sandor"]
[Result "1-0"]
[WhiteElo "2334"]
[BlackElo "2284"]
[PlyCount "73"]
[EventDate "2010.12.04"]

1. e4 c5 2. Nf3 d6 3. d4 cxd4 4. Nxd4 Nf6 5. Nc3 a6 6. Be2 g6 7. g4 Bg7 8. g5
Nfd7 9. Be3 Nc6 10. Qd2 Nb6 11. f4 Bd7 12. h4 Rc8 13. h5 Na5 14. h6 Bf8 15. b3
e6 16. O-O-O Rg8 17. Rhf1 d5 18. Nxd5 Nxd5 19. exd5 Ba3+ 20. Kb1 exd5 21. f5
Nc6 22. fxg6 fxg6 23. Nxc6 bxc6 24. Bxa6 Ra8 25. Rde1 Be6 26. Bb7 Kd7 27. Bxa8
Qxa8 28. Bd4 Re8 29. Rf6 Re7 30. Qf2 Qa5 31. c3 Bf5+ 32. Rxf5 Rxe1+ 33. Qxe1
gxf5 34. g6 Qb5 35. gxh7 Qd3+ 36. Ka1 Qc2 37. Qb1 1-0

[Event "First Saturday 2010 december IM"]
[Site "Budapest"]
[Date "2010.12.08"]
[Round "5"]
[White "Adams, Nick A"]
[Black "Tesik, Csaba"]
[Result "0-1"]
[WhiteElo "2277"]
[BlackElo "2258"]
[PlyCount "96"]
[EventDate "2010.12.04"]

1. e4 c5 2. c4 Nc6 3. Nc3 g6 4. g3 Bg7 5. Bg2 e6 6. Nge2 Nge7 7. d3 d6 8. O-O
O-O 9. Be3 a6 10. a3 b5 11. cxb5 axb5 12. Nxb5 Bxb2 13. Bh6 Bg7 14. Bxg7 Kxg7
15. Qd2 Ba6 16. a4 Rb8 17. Rfb1 Nb4 18. Nec3 e5 19. Na2 Nec6 20. Nac3 Qd7 21.
h4 Nd4 22. Nxd4 exd4 23. Nd5 Nxd5 24. exd5 Rxb1+ 25. Rxb1 Qxa4 26. h5 h6 27.
hxg6 fxg6 28. Be4 Bc8 29. Kg2 Qd7 30. Rh1 g5 31. Rb1 Qe7 32. Rb2 Bf5 33. Bxf5
Rxf5 34. Qa5 Qe5 35. Qa7+ Kg6 36. Qa8 Qxd5+ 37. Qxd5 Rxd5 38. f4 gxf4 39. gxf4
Rh5 40. Kg3 Kf6 41. Rb8 Rh1 42. Rf8+ Ke7 43. Rh8 Rd1 44. Rxh6 Rxd3+ 45. Kg4 Re3
46. Kf5 d3 47. Rh7+ Kd8 48. Rh6 Kd7 0-1

[Event "First Saturday 2010 december IM"]
[Site "Budapest"]
[Date "2010.12.08"]
[Round "5"]
[White "Brustkern, Juergen"]
[Black "Bakin, Alexander"]
[Result "0-1"]
[WhiteElo "2276"]
[BlackElo "2235"]
[PlyCount "130"]
[EventDate "2010.12.04"]

1. d4 d5 2. c4 e6 3. Nc3 Be7 4. Nf3 Nf6 5. Qc2 O-O 6. Bg5 h6 7. Bh4 c5 8. dxc5
Qa5 9. cxd5 exd5 10. e3 Nc6 11. Rd1 Qxc5 12. Be2 Be6 13. O-O Rac8 14. Nd4 Nxd4
15. exd4 Qa5 16. Bd3 Rfe8 17. Rfe1 b5 18. Qd2 b4 19. Ne2 Ne4 20. Bxe4 Bxh4 21.
Bb1 Qb5 22. Nf4 Bg5 23. g3 Bg4 24. Rc1 Rxc1 25. Rxc1 g6 26. Bd3 Qd7 27. h4 Be7
28. Be2 Kg7 29. Re1 Bf6 30. Bxg4 Rxe1+ 31. Qxe1 Qxg4 32. Qxb4 Qd1+ 33. Kg2 Bxd4
34. Qe7 Qg4 35. Nxd5 Bxb2 36. Ne3 Qa4 37. h5 Bf6 38. Qd6 Qe4+ 39. Kh2 Qf3 40.
Kg1 Qxh5 41. Kg2 Qe5 42. Qd7 Qe4+ 43. Kh2 Qd4 44. Qb7 Qb2 45. Qxb2 Bxb2 46. Nc4
Bd4 47. Kg2 f5 48. f3 Kf6 49. g4 fxg4 50. fxg4 Ke6 51. Kf3 Kd5 52. Nd2 Bf6 53.
Kg3 Kd4 54. Kf3 Be7 55. Nb3+ Kc3 56. Na5 Kb2 57. Nc4+ Kxa2 58. Ne5 g5 59. Ke4
a5 60. Nc6 Bb4 61. Kf5 Bd2 62. Kg6 a4 63. Kxh6 a3 64. Ne5 Kb3 65. Nf3 Bc3 0-1

[Event "First Saturday 2010 december IM"]
[Site "Budapest"]
[Date "2010.12.08"]
[Round "5"]
[White "Szalanczy, Emil"]
[Black "Tan, Weiliang"]
[Result "0-1"]
[WhiteElo "2247"]
[BlackElo "2146"]
[PlyCount "64"]
[EventDate "2010.12.04"]

1. e4 c5 2. Nf3 d6 3. d4 cxd4 4. Nxd4 Nf6 5. Nc3 a6 6. Be3 e5 7. Nde2 Nbd7 8.
f4 b5 9. Ng3 Bb7 10. Bd3 b4 11. Na4 h5 12. Qf3 h4 13. Ne2 d5 14. Qh3 Qa5 15. b3
dxe4 16. Bc4 exf4 17. Nxf4 Qe5 18. Rd1 g5 19. Bd4 Qxf4 20. Rf1 g4 21. Rxf4 gxh3
22. Bxf6 Nxf6 23. Rxf6 hxg2 24. Kf2 h3 25. Rxf7 Be7 26. Kg1 Rd8 27. Re1 Bh4 28.
Rxb7 Bxe1 29. Nc5 Bf2+ 30. Kxf2 Rd2+ 31. Ke3 g1=Q+ 32. Kxd2 Qxc5 0-1

[Event "First Saturday 2010 december IM"]
[Site "Budapest"]
[Date "2010.12.08"]
[Round "5"]
[White "Lengyel, Bela"]
[Black "Lyell, Mark"]
[Result "1-0"]
[WhiteElo "2289"]
[BlackElo "2210"]
[PlyCount "85"]
[EventDate "2010.12.04"]

1. e4 c6 2. d4 d5 3. Nc3 dxe4 4. Nxe4 Nf6 5. Bd3 Nxe4 6. Bxe4 Bf5 7. Bxf5 Qa5+
8. c3 Qxf5 9. Nf3 Nd7 10. O-O e6 11. Qb3 Nb6 12. c4 O-O-O 13. Be3 Be7 14. a4
Nd7 15. a5 a6 16. Qa4 e5 17. b4 e4 18. Nd2 Nf6 19. Rfc1 Kb8 20. Rab1 Rc8 21.
Nf1 Bd6 22. Qa2 Ka8 23. Qe2 h5 24. Rd1 h4 25. b5 Qh5 26. Qxh5 Rxh5 27. bxa6
bxa6 28. d5 cxd5 29. Rb6 Bc5 30. Bxc5 Rxc5 31. Rdb1 Rc7 32. Rxa6+ Ra7 33. Rc6
Rb7 34. Rd1 dxc4 35. a6 Rb8 36. Ne3 Rhb5 37. Nxc4 Rb1 38. Rcd6 R8b5 39. Kf1
Rxd1+ 40. Rxd1 Ka7 41. Nd6 Rb2 42. h3 Kxa6 43. Ra1+ 1-0